[Event "Warsaw Maciei Memorial Blitz"]
[Site "Warsaw"]
[Date "2024.07.08"]
[Round "11"]
[White "Klim, Filip"]
[Black "Obukhava, Anastasiya"]
[Result "1-0"]
[WhiteElo "2000"]
[BlackElo "1885"]
[PlyCount "105"]
[EventDate "2024.07.08"]
[EventType "swiss (blitz)"]
[EventRounds "11"]
[EventCountry "POL"]
[SourceTitle "CBM 221 Extra"]
[Source "ChessBase"]
[SourceDate "2024.09.30"]
[SourceVersion "1"]
[SourceVersionDate "2024.09.30"]
[SourceQuality "1"]

1. e4 c5 2. Nf3 e6 3. d4 cxd4 4. Nxd4 a6 5. c4 Qc7 6. Nc3 Nf6 7. Be2 b6 8. 0-0 Bb7 9. Qd3 d6 10. f4 Nbd7 11. b4 Be7 12. Be3 Rd8 13. Rac1 Nc5 14. bxc5 dxc5 15. Nxe6 fxe6 16. Qc2 0-0 17. e5 Ne8 18. Bd3 g6 19. Rcd1 Ng7 20. Rd2 Nf5 21. Bxf5 gxf5 22. Rfd1 Rxd2 23. Rxd2 Kh8 24. Qd1 Bc6 25. Nd5 exd5 26. cxd5 Rg8 27. dxc6 Qxc6 28. Qc2 Rf8 29. Qc3 Qe6 30. Qb3 Qxb3 31. axb3 Rd8 32. Ra2 a5 33. Rd2 Rxd2 34. Bxd2 Kg8 35. h3 Kf7 36. g4 Kg6 37. Kf2 h5 38. Kf3 hxg4+ 39. hxg4 Bd8 40. g5 b5 41. Ke3 Bb6 42. Kd3 Kf7 43. Kc3 Ke6 44. g6 Bd8 45. Be3 Be7 46. Kd3 Kd7 47. Bd2 Ke8 48. Bxa5 Kf8 49. Bc7 Kg7 50. Bd6 Bf8 51. Bxf8+ Kxf8 52. e6 Ke7 53. g7 1-0

[Event "Minsk op"]
[Site "Minsk"]
[Date "2023.11.07"]
[Round "5"]
[White "Obukhava, Anastasiya"]
[Black "Puchkouski, Arsenii"]
[Result "1-0"]
[WhiteElo "1646"]
[BlackElo "1327"]
[PlyCount "79"]
[EventDate "2023.11.03"]
[EventType "swiss"]
[EventRounds "9"]
[EventCountry "BLR"]
[SourceTitle "CBM 217 Extra"]
[Source "ChessBase"]
[SourceDate "2024.01.31"]
[SourceVersion "1"]
[SourceVersionDate "2024.01.31"]
[SourceQuality "1"]

1. b3 e5 2. Bb2 Nc6 3. e3 d6 4. c4 Nf6 5. Nc3 Bf5 6. d3 g6 7. Nge2 Bh6 8. Ng3 Be6 9. Be2 0-0 10. h4 d5 11. h5 g5 12. Bf3 d4 13. exd4 Nxd4 14. Bxb7 Rb8 15. Be4 Nd7 16. Nge2 Nc5 17. Ba3 Nxe4 18. Nxe4 Re8 19. Nxd4 exd4 20. 0-0 f5 21. Ng3 Qf6 22. Bc1 Bd7 23. Qf3 Re5 24. Bb2 Bc6 25. Qd1 Re6 26. Ne2 Rd8 27. Re1 Kf7 28. Ng3 Bg7 29. Rxe6 Qxe6 30. Qe1 Qd7 31. Qa5 f4 32. Ne4 Bxe4 33. dxe4 Qg4 34. f3 Qe6 35. Qxg5 Qf6 36. Qc5 Qb6 37. Qf5+ Kg8 38. c5 Qb5 39. Qe6+ Kh8 40. h6 1-0

[Event "Minsk op"]
[Site "Minsk"]
[Date "2023.11.03"]
[Round "1"]
[White "Obukhava, Anastasiya"]
[Black "Kotau, Aliaksandar"]
[Result "0-1"]
[WhiteElo "1646"]
[BlackElo "1800"]
[PlyCount "90"]
[EventDate "2023.11.03"]
[EventType "swiss"]
[EventRounds "9"]
[EventCountry "BLR"]
[SourceTitle "CBM 217 Extra"]
[Source "ChessBase"]
[SourceDate "2024.01.31"]
[SourceVersion "1"]
[SourceVersionDate "2024.01.31"]
[SourceQuality "1"]

1. d4 Nf6 2. Nf3 e6 3. c4 Be7 4. Nc3 d5 5. e3 Nbd7 6. Be2 dxc4 7. Bxc4 Nb6 8. Be2 Nbd5 9. 0-0 0-0 10. Ne5 Nd7 11. Nxd7 Bxd7 12. e4 Nxc3 13. bxc3 c5 14. d5 exd5 15. exd5 Bf6 16. Qd3 b5 17. Rb1 c4 18. Qd2 Qa5 19. Bb2 Bf5 20. Ra1 Rad8 21. Bf3 Rfe8 22. Rfe1 Bd3 23. Rxe8+ Rxe8 24. Re1 Rxe1+ 25. Qxe1 g6 26. a3 Qc7 27. Bc1 Qe5 28. Qxe5 Bxe5 29. Bd2 Bd6 30. Bc1 Kf8 31. g4 Ke8 32. g5 Kd8 33. Bg2 Kc7 34. Bf1 Bxf1 35. Kxf1 Be5 36. Bd2 Kd6 37. Ke2 Kxd5 38. h3 Bd6 39. Bc1 Ke4 40. h4 a5 41. f3+ Kf5 42. Kf2 f6 43. gxf6 Kxf6 44. f4 Kf5 45. Kf3 h5 0-1

[Event "POL-ch Rapid U18 Girls"]
[Site "Bydgoszcz"]
[Date "2023.08.29"]
[Round "2"]
[White "Michalska, Lena"]
[Black "Obukhava, Anastasiya"]
[Result "0-1"]
[WhiteElo "1285"]
[BlackElo "1678"]
[PlyCount "113"]
[EventDate "2023.08.28"]
[EventType "swiss"]
[EventRounds "11"]
[EventCountry "POL"]
[SourceTitle "CBM 216 Extra"]
[Source "ChessBase"]
[SourceDate "2023.11.30"]
[SourceVersion "1"]
[SourceVersionDate "2023.11.30"]
[SourceQuality "1"]

1. c4 c5 2. Nc3 Nc6 3. Nf3 g6 4. b3 Bg7 5. Bb2 e6 6. e3 Nge7 7. d4 cxd4 8. exd4 d5 9. cxd5 Nxd5 10. Nxd5 Qxd5 11. Bc4 Qa5+ 12. Qd2 Qxd2+ 13. Kxd2 0-0 14. Rad1 a6 15. Ne5 Na5 16. Be2 Rd8 17. Kc2 Bd7 18. Bf3 Rac8+ 19. Kb1 Bc6 20. Nxc6 Nxc6 21. d5 exd5 22. Bxg7 Kxg7 23. Bxd5 Rd6 24. Bxc6 Rdxc6 25. Rc1 Kf6 26. Rxc6+ Rxc6 27. Rc1 Rxc1+ 28. Kxc1 Ke5 29. Kc2 Kd4 30. Kd2 f5 31. g3 g5 32. h3 a5 33. a3 b5 34. h4 gxh4 35. gxh4 h5 36. a4 b4 37. Kc2 Ke4 38. Kd2 Kf3 39. Ke1 Kg4 40. Ke2 Kxh4 41. Kf3 Kg5 42. Kg3 f4+ 43. Kh3 Kf5 44. Kh4 Ke4 45. Kxh5 Kd3 46. Kg4 Kc3 47. Kxf4 Kxb3 48. Ke5 Kxa4 49. f4 b3 50. f5 b2 51. f6 b1Q 52. f7 Qe1+ 53. Kd6 Qf2 54. Ke7 Qe3+ 55. Kf6 Qf4+ 56. Kg7 Qxf7+ 57. Kxf7 0-1

[Event "Warsaw Maciei Memorial"]
[Site "Warsaw"]
[Date "2023.07.10"]
[Round "1"]
[White "Kanarek, Marcel"]
[Black "Obukhava, Anastasiya"]
[Result "1-0"]
[WhiteElo "2503"]
[BlackElo "1637"]
[PlyCount "73"]
[EventDate "2023.07.10"]
[EventType "swiss (blitz)"]
[EventRounds "11"]
[EventCountry "POL"]
[SourceTitle "CBM 215 Extra"]
[Source "ChessBase"]
[SourceDate "2023.09.30"]
[SourceVersion "1"]
[SourceVersionDate "2023.09.30"]
[SourceQuality "1"]

1. e4 c5 2. Nf3 e6 3. d4 cxd4 4. Nxd4 a6 5. c4 Qc7 6. Nc3 d6 7. Be2 Nf6 8. 0-0 Be7 9. f4 b6 10. Be3 Bb7 11. Qd3 Nbd7 12. b4 0-0 13. Rac1 Rac8 14. g4 Qb8 15. g5 Ne8 16. Bf3 Qa8 17. h4 Nc7 18. h5 d5 19. cxd5 exd5 20. Nf5 Rfe8 21. Nxe7+ Rxe7 22. Nxd5 Nxd5 23. exd5 Rce8 24. Rfe1 f6 25. g6 h6 26. Bf2 Rxe1+ 27. Rxe1 Rxe1+ 28. Bxe1 Qe8 29. Bf2 Qc8 30. Kg2 Qc1 31. Qe4 Nf8 32. Qe7 Qc8 33. Bxb6 Nd7 34. Bf2 Nf8 35. Kg3 Qb8 36. Bc5 Qc8 37. Qf7+ 1-0

[Event "Warsaw Maciei Memorial"]
[Site "Warsaw"]
[Date "2023.07.10"]
[Round "5"]
[White "Kovalevsky, Stanislav"]
[Black "Obukhava, Anastasiya"]
[Result "0-1"]
[WhiteElo "2226"]
[BlackElo "1637"]
[PlyCount "126"]
[EventDate "2023.07.10"]
[EventType "swiss (blitz)"]
[EventRounds "11"]
[EventCountry "POL"]
[SourceTitle "CBM 215 Extra"]
[Source "ChessBase"]
[SourceDate "2023.09.30"]
[SourceVersion "1"]
[SourceVersionDate "2023.09.30"]
[SourceQuality "1"]

1. e4 c5 2. b3 e6 3. Bb2 Nf6 4. e5 Nd5 5. Nf3 Nc6 6. Nc3 Nxc3 7. Bxc3 Be7 8. h4 h6 9. g4 b6 10. Bg2 Bb7 11. Qe2 Qc7 12. 0-0-0 0-0-0 13. Kb1 Rhg8 14. d3 d5 15. exd6 Bxd6 16. Nd2 Nd4 17. Bxb7+ Qxb7 18. Qe4 Nb5 19. Bb2 Bc7 20. Rh3 Qxe4 21. Nxe4 f5 22. gxf5 exf5 23. Nd2 g5 24. hxg5 hxg5 25. Nc4 g4 26. Rh7 f4 27. a4 Nd4 28. Bxd4 cxd4 29. Re1 Rde8 30. Rxe8+ Rxe8 31. Rg7 g3 32. fxg3 fxg3 33. Nd2 Re2 34. Ne4 g2 35. Kb2 Bh2 36. Rg8+ Kc7 37. Rg7+ Kb8 38. Rg8+ Kb7 39. Rg7+ Ka6 40. b4 g1Q 41. b5+ Ka5 42. Rxa7+ Kb4 43. Rc7 Rxe4 44. Rc4+ Ka5 45. dxe4 Qe3 46. Rc8 Qxe4 47. Kb3 Qd5+ 48. c4 dxc3+ 49. Kc2 Qd2+ 50. Kb3 Qb2+ 51. Kc4 Qb4+ 52. Kd3 Kxa4 53. Kc2 Kxb5 54. Rxc3 Qxc3+ 55. Kxc3 Kc5 56. Kb3 Be5 57. Kc2 b5 58. Kb3 b4 59. Ka2 Kc4 60. Kb1 b3 61. Kc1 Kc3 62. Kb1 b2 63. Ka2 Kc2 0-1

[Event "Warsaw Maciei Memorial"]
[Site "Warsaw"]
[Date "2023.07.10"]
[Round "7"]
[White "Makarewicz, Pawel"]
[Black "Obukhava, Anastasiya"]
[Result "0-1"]
[WhiteElo "2185"]
[BlackElo "1637"]
[PlyCount "122"]
[EventDate "2023.07.10"]
[EventType "swiss (blitz)"]
[EventRounds "11"]
[EventCountry "POL"]
[SourceTitle "CBM 215 Extra"]
[Source "ChessBase"]
[SourceDate "2023.09.30"]
[SourceVersion "1"]
[SourceVersionDate "2023.09.30"]
[SourceQuality "1"]

1. e4 d6 2. d4 Nf6 3. Nc3 Nc6 4. Nf3 e5 5. Bc4 Bg4 6. d5 Nd4 7. Be3 Nxf3+ 8. gxf3 Bd7 9. Bg5 Be7 10. Qd2 h6 11. Be3 Nh5 12. Rg1 g5 13. 0-0-0 Nf4 14. Kb1 Bf6 15. Bb5 Bxb5 16. Nxb5 a6 17. Nc3 Qd7 18. Ne2 0-0-0 19. c4 Be7 20. Ng3 Kb8 21. Nf5 Rde8 22. Rc1 Bd8 23. Rc3 Ng6 24. Rb3 Ne7 25. Qb4 Qc8 26. Ng7 Reg8 27. Nh5 f5 28. Rc1 f4 29. Bd2 Rg6 30. Qa4 Ka8 31. c5 dxc5 32. Rxc5 Qb8 33. Ra5 Qa7 34. Rc3 c6 35. Rac5 Bb6 36. R5c4 cxd5 37. exd5 Rd6 38. Ng7 Rxd5 39. Bc1 Ra5 40. Qb3 Rb8 41. Ne6 Nd5 42. Rd3 Rb5 43. Qc2 Nb4 44. Rxb4 Rxb4 45. Nc7+ Bxc7 46. Qxc7 Qb6 47. Qg7 Rc8 48. Qxe5 Rbc4 49. Bd2 R4c5 50. Qe1 Rc2 51. Bc3 R2xc3 52. Rxc3 Rxc3 53. Qxc3 Qxf2 54. Qc8+ Ka7 55. Qc2 Qxf3 56. Qc5+ Kb8 57. Qf8+ Kc7 58. Qg7+ Kb6 59. Qxh6+ Qc6 60. Qxg5 Qd6 61. h4 Qd1# 0-1